K otázkám vyjadrovania produktivity práce jednotlivých odborov výroby vo vťahu k svetovej úrovni celoštátný seminár

Salvato in:
Dettagli Bibliografici
Natura: Libro
Lingua:slovacco
Pubblicazione: Bratislava Dom techniky ČSVTS 1984
Tags: Aggiungi Tag
Nessun Tag, puoi essere il primo ad aggiungerne!!

MARC

LEADER 00000nam a2200000 4500
001 c117108
005 20041019155206.6
041 0 |a slo 
044 |a SK 
245 1 0 |a K otázkám vyjadrovania produktivity práce jednotlivých odborov výroby vo vťahu k svetovej úrovni  |b celoštátný seminár 
264 1 |a Bratislava  |b Dom techniky ČSVTS  |c 1984 
300 |a 186 s.